Juran's quality control handbook / (Record no. 343334)
[ view plain ]
| 000 -LEADER | |
|---|---|
| fixed length control field | 01167 a2200181 4500 |
| 020 ## - INTERNATIONAL STANDARD BOOK NUMBER | |
| International Standard Book Number | 0071005102 |
| 020 ## - INTERNATIONAL STANDARD BOOK NUMBER | |
| International Standard Book Number | 9780071005104 |
| 090 ## - LOCALLY ASSIGNED LC-TYPE CALL NUMBER (OCLC); LOCAL CALL NUMBER (RLIN) | |
| -- | 786 |
| -- | 786 |
| 100 1# - MAIN ENTRY--PERSONAL NAME | |
| Personal name | Juran. |
| 245 10 - TITLE STATEMENT | |
| Title | Juran's quality control handbook / |
| Statement of responsibility, etc. | Juran. |
| 260 ## - PUBLICATION, DISTRIBUTION, ETC. | |
| Place of publication, distribution, etc. | [S.l.] : |
| Name of publisher, distributor, etc. | McGraw-Hill Education, |
| Date of publication, distribution, etc. | 1989. |
| 300 ## - PHYSICAL DESCRIPTION | |
| Extent | 1 v. (unpaged) |
| 500 ## - GENERAL NOTE | |
| General note | Unknown Binding. |
| 520 ## - SUMMARY, ETC. | |
| Summary, etc. | Since the publication of the third edition in 1974, the entire field of quality control has undergone radical change due to intensified competition and expanded government regulation. This updated fourth edition of Juran's classic guide offers the know-how you need today-and in the years ahead-to keep quality growing without increasing costs, Quality and income-quality improvement-quality costs-computerization-quality programs-marketing-Juran advises you on these issues and many more to improve quality companywide in the 1990s-from the executive suite to the factory floor. |
| 856 40 - ELECTRONIC LOCATION AND ACCESS | |
| Materials specified | Amazon.com |
| Uniform Resource Identifier | <a href="http://www.amazon.com/exec/obidos/ASIN/0071005102/chopaconline-20">http://www.amazon.com/exec/obidos/ASIN/0071005102/chopaconline-20</a> |
| 856 40 - ELECTRONIC LOCATION AND ACCESS | |
| Materials specified | Amazon customer reviews |
| Uniform Resource Identifier | <a href="http://www.chopac.org/cgi-bin/tools/azrev.pl?q=0071005102">http://www.chopac.org/cgi-bin/tools/azrev.pl?q=0071005102</a> |
| 942 ## - ADDED ENTRY ELEMENTS (KOHA) | |
| Institution code [OBSOLETE] | NBS |
| Koha item type | Book |
| Call number prefix | 658.562 JUR |
| Withdrawn status | Lost status | Damaged status | Not for loan | Permanent Location | Current Location | Date acquired | Full call number | Barcode | Date last seen | Price effective from | Koha item type |
|---|---|---|---|---|---|---|---|---|---|---|---|
| Central Library (CL) | Central Library (CL) | 08/28/2013 | 658.562 JUR | NBS500 | 08/28/2013 | 08/28/2013 | Reference |
